01016nam a2200217 a 450000100100000000500170001000800410002704000250006808200150009324501430010826000860025130000380033749000340037570000370040970000390044671000970048571000450058283000410062795201130066899900170078100004546120250116073945.0150407s1996 dr ab 000 0 spa d aDO-SdBNPbspacBNPHU axxxxbxxxx00aLecturas sobre el uso del libro de texto y otros medios educativos. /cMaritza Rossi de Pérez ... [et al.] ; prólogo Ramón Morrison. aSanto Domingo :bSecretaría de Estado Educación Bellas Artes y Cultos,c1996. av, 235 p. :bil., mapas ;c23 cm.1 aFortalecimiento institucional12aRossi de Pérez, Maritza93226712aMorrison, Ramón,epról.91744712aRepública Dominicana.bSecretaría de Estado de Educación, Bellas Artes y Cultos92396522aBanco Interamericano de Desarrollo99655 0aFortalecimiento institucional937375 0010718PDaGRbGRcCTd2015-04-07iLF1l0oxxxx xxxxp45461-10r2020-06-25w2020-06-25yLFPDZNo se presta c44950d44950